U.S. History by Letter- A - Statistics

General Stats
  • This quiz has been taken 1,253 times
  • The average score is 11 of 20
Answer Stats
Hint Answer % Correct
Took a giant leap for mankind Neil Armstrong
94%
Remember this Texan mission Alamo
92%
Second US president John Adams
92%
"Unescapable" prison in San Francisco Bay Alcatraz
87%
NASA program to land on moon Apollo
79%
Battleship sunk at Pearl Harbor USS Arizona
64%
Betrayed the American cause in 1778 Benedict Arnold
60%
The "Father of Texas" Stephen Austin
53%
First official constitution, created 1777 Articles of Confederation
52%
Major proponent of women's suffrage Susan B. Anthony
51%
Writer of Little Women Louisa May Alcott
48%
Antebellum slavery opponents Abolitionists
47%
Bloodiest one-day Civil War battle Antietam
47%
Vice president who resigned in 1973 Spiro Agnew
46%
Robert E. Lee's place of surrender Appomattox Courthouse
45%
"The Hammer", Braves' right fielder Hank Aaron
34%
First person to die in Boston Massacre Crispus Attucks
27%
Leader of the Green Mountain Boys Ethan Allen
26%
Pacific territory acquired in 1899 American Samoa
18%
Nickname for US during WWII Arsenal of Democracy
4%
No matching quizzes found
Score Distribution
Percent of People with Each Score
Percentile by Number Answered
Your Score History
You have not taken this quiz